Zastupovanie

Gespeichert in:
Bibliographische Detailangaben
1. Verfasser: Červený, Ľubomír
Format: Buch
Sprache:Slowakisch
Veröffentlicht: Žilina Bodezan 1992
Ausgabe:1. vyd.
Schlagworte:
Tags: Tag hinzufügen
Keine Tags, Fügen Sie das erste Tag hinzu!

MARC

LEADER 00000nam a2200000 4500
001 c001731
005 20221214091129.7
020 |a 80-80338-08-5 
041 0 |a slo 
044 |a SK 
245 1 0 |a Zastupovanie  |c Ľubomír Červený 
250 |a 1. vyd. 
264 1 |a Žilina  |b Bodezan  |c 1992 
300 |a 40 s. 
610 2 0 |a programy počítačové 
610 2 0 |a učitelia 
610 2 0 |a vyučovanie 
610 2 0 |a využitie počítačov 
610 2 0 |a školstvo 
610 2 0 |a programovanie 
100 1 |a Červený, Ľubomír